Mixed Word: Shades of Orange Quiz Stats

 Plays Quiz Updated Jan 25, 2012

Support Sporcle.
Go Orange.
Score 0/20 Timer 04:00
0 Plays Today
Clue Answer % Correct
GLDOGOLD
95.7%
ONILLION
91.3%
EOLNMMELON
89.2%
UTRSRUST
89%
RROTCACARROT
88.8%
EHCPAPEACH
87.6%
AAPPAYPAPAYA
87.5%
PINKMUPPUMPKIN
79.3%
EABMRAMBER
76.9%
ATMOOTTOMATO
74.9%
Clue Answer % Correct
IREANTGNETANGERINE
69.1%
HAOYGNAMMAHOGANY
62.4%
TENUSSSUNSET
55.1%
LOMANSSALMON
52.6%
PACITORAPRICOT
38.5%
MANAGPHCECHAMPAGNE
34.2%
NUELAPCAOTCANTALOUPE
31.1%
SYFEATSAFETY
29.5%
GELATONTANGELO
28.1%
IBREWTETESTBITTERSWEET
23%

You're not logged in!

Compare scores with friends on all Sporcle quizzes.
OR
Log In

From the Vault

Remove Ads.
Support Sporcle.
Get the best of Sporcle when you Go Orange. This ad-free experience offers more features, more stats, and more fun while also helping to support Sporcle. Thank you for becoming a member.

Show Comments

Extras

Top Quizzes Today


Score Distribution

Your Account Isn't Verified!

In order to create a playlist on Sporcle, you need to verify the email address you used during registration. Go to your Sporcle Settings to finish the process.

Report this User

Report this user for behavior that violates our Community Guidelines.

Details: